United Republic of Tanzania : Requests for Disbursement Under the Rapid Credit Facility and Purchase Under the Rapid Financing Instrument-Press Release; Staff Report; and Statement by the Executive Director for the United Republic of Tanzania.

The COVID-19 pandemic has negatively impacted Tanzania's macroeconomic outlook, and negatively impacted its population's health and well-being. Tourism collapsed in the wake of travel restrictions, the economy reportedly decelerated to 4.8 percent growth in 2020, and growth is expected to...

Descrizione completa

Dettagli Bibliografici
Ente Autore: International Monetary Fund. African Dept
Natura: Periodico
Lingua:English
Pubblicazione: Washington, D.C. : International Monetary Fund, 2021.
Serie:IMF Staff Country Reports; Country Report ; No. 2021/213
Soggetti:
Accesso online:Full text available on IMF
LEADER 02255cas a2200301 a 4500
001 AALejournalIMF021964
008 230101c9999 xx r poo 0 0eng d
020 |c 5.00 USD 
020 |z 9781513598352 
022 |a 1934-7685 
040 |a BD-DhAAL  |c BD-DhAAL 
110 2 |a International Monetary Fund.  |b African Dept. 
245 1 0 |a United Republic of Tanzania :   |b Requests for Disbursement Under the Rapid Credit Facility and Purchase Under the Rapid Financing Instrument-Press Release; Staff Report; and Statement by the Executive Director for the United Republic of Tanzania. 
264 1 |a Washington, D.C. :  |b International Monetary Fund,  |c 2021. 
300 |a 1 online resource (64 pages) 
490 1 |a IMF Staff Country Reports 
500 |a <strong>Off-Campus Access:</strong> No User ID or Password Required 
500 |a <strong>On-Campus Access:</strong> No User ID or Password Required 
506 |a Electronic access restricted to authorized BRAC University faculty, staff and students 
520 3 |a The COVID-19 pandemic has negatively impacted Tanzania's macroeconomic outlook, and negatively impacted its population's health and well-being. Tourism collapsed in the wake of travel restrictions, the economy reportedly decelerated to 4.8 percent growth in 2020, and growth is expected to remain subdued in 2021. The previous government downplayed the presence of the COVID-19 virus in Tanzania and the impact of the pandemic in the country, and budgeted insufficient resources to address the health and economic crisis. This has left the new administration of President Hassan with an enormous and urgent challenge to tackle the COVID-19 pandemic. The new administration is implementing comprehensive plans to immediately address the pandemic, resulting in an urgent balance of payments need. 
538 |a Mode of access: Internet 
650 7 |a International Agreements  |2 imf 
650 7 |a International Organizations  |2 imf 
650 7 |a Monetary Policy  |2 imf 
650 7 |a Observance  |2 imf 
651 7 |a Tanzania, United Republic of  |2 imf 
830 0 |a IMF Staff Country Reports; Country Report ;  |v No. 2021/213 
856 4 0 |z Full text available on IMF  |u http://elibrary.imf.org/view/journals/002/2021/213/002.2021.issue-213-en.xml  |z IMF e-Library